| 000 | 00964nam a22002417a 4500 | ||
|---|---|---|---|
| 999 |
_c496 _d496 |
||
| 003 | AR-CdUCM | ||
| 008 | 190223b ||||| |||| 00| 0 spa d | ||
| 020 | _a9972691659 | ||
| 040 |
_aMUNICIPALIDAD PROVINCIAL DEL CUSCO _cBIBLIOTECA MUNICIPAL DEL CUSCO |
||
| 082 |
_a985.04 / _bW19 _2Segunda |
||
| 100 |
_aWalker, Charles F. _91934 |
||
| 245 |
_aDe Tupac Amaru a Gamarra : _bCusco y la formacion del Perú republicano 1780-1840 / |
||
| 260 |
_aCusco : _bCBC , _c2004. |
||
| 300 |
_a314 páginas ; _c24 cm. |
||
| 440 |
_aArchivos de historia andina : _n 32 _91935 |
||
| 505 | _aContenido: La rebelión de Tupac Amaru -- Cenizas que aun humean -- El advenimiento de la santa patria -- La larga guerra -- El Ángel negro del Cusco -- De Colonia a República... | ||
| 650 |
_aTupac Amaru _9623 |
||
| 650 |
_aGran rebelión _9624 |
||
| 650 |
_aCultura Política cusqueña _91937 |
||
| 650 |
_aAgustin Gamarra _944148 |
||
| 942 |
_2ddc _cLIBROS |
||
| 945 |
_awfj _d2019-02-23 |
||